Things That Are Not What They Seem Quiz Stats

 Plays Quiz Updated Feb 19, 2016

Also try: City Clicknames
Challenge
Share
Tweet
Embed
Score 0/18 Timer 06:00
0 Plays Today
% Correct
Molotov cocktail
93.9%
Chicken of the sea
91.7%
Iron maiden
91.1%
Porcelain altar
90.9%
Texas tea
89.5%
One-armed bandit
88.8%
Chilean sea bass
88.6%
Prairie schooner
87.4%
Quaker gun
86.4%
% Correct
Nineteenth hole of a golf course
85.6%
Prairie oyster (Rocky Mountain oyster)
84.5%
Mother's little helper
84.2%
Head cheese
83.7%
Railroad Bible
79%
Wet work
73.7%
Welsh rabbit (rarebit)
67.5%
Gandy dancer
53.7%
Parson's nose (Pope's nose)
53%

You're not logged in!

Compare scores with friends on all Sporcle quizzes.
Join for Free
OR
Log In

You Might Also Like...

Show Comments

Extras

Top Quizzes Today


Score Distribution

Your Account Isn't Verified!

In order to create a playlist on Sporcle, you need to verify the email address you used during registration. Go to your Sporcle Settings to finish the process.

Report this User

Report this user for behavior that violates our Community Guidelines.

Details: